Locate the Play - European Map Quiz - Statistics

General Stats
  • This quiz has been taken 24 times
  • The average score is 12 of 20
Answers on the Map
Answers color-coded by a green-red scale on the quiz's map according to % correct below.
 
Answer Stats
Answer % Correct
Julius Caesar (Shakespeare)
83%
Macbeth (Shakespeare)
83%
Romeo and Juliet (Shakespeare)
83%
The Trojan Women (Euripides)
83%
Dido, Queen of Carthage (Marlowe)
78%
Hamlet (Shakespeare)
78%
Faust (Goethe)
70%
The Cherry Orchard (Chekhov)
70%
Agamemnon (Aeschylus)
65%
Hedda Gabler (Ibsen)
65%
William Tell (Schiller)
65%
Don Juan (Molière)
61%
The Beauty Queen of Leenane (McDonagh)
57%
Oedipus Rex (Sophocles)
52%
Life is a Dream (De la Barca)
43%
Cyrano de Bergerac (Rostand)
39%
Pygmalion (Shaw)
39%
Much Ado About Nothing (Shakespeare)
35%
Othello (Shakespeare)
30%
Accidental Death of an Anarchist (Fo)
26%
No matching quizzes found
Score Distribution
Percent of People with Each Score
Percentile by Number Answered
Your Score History
You have not taken this quiz